000 00360nam a2200133Ia 4500
008 210210b1971 xxu||||| |||| 00| 0 eng d
082 _aS891.6 SHAU
100 _aSHANKARACHARYA.
245 _aUpadeshasahasri. Tr by Svami Vijnananda.
260 _aMangaluru
_bShri Ramakrashnashrama
_c1971
300 _ax,344
690 _aSanskrit Prakirana
906 _a033739
999 _c84688
_d84688